Schauspielerinnen #2 - Statistiken

Allgemein
  • Dieses Quiz wurde 103 mal gespielt
  • Das Durchschnittsergebnis liegt bei 7 aus 16
Antwortstatistiken
Bildquiz Antwort % Korrekt
Ariana Grande
76%
Mila Kunis
59%
Meryl Streep
56%
Nicole Kidman
56%
Sydney Sweeney
49%
Jella Haase
47%
Ana de Armas
40%
Keira Knightley
40%
Charlize Theron
38%
Sofía Vergara
38%
Marlene Dietrich
36%
Maggie Smith
35%
Judi Dench
33%
Tilda Swinton
22%
Grace Kelly
20%
Frances McDormand
11%
Keine übereinstimmenden Quizze gefunden
Verteilung der Resultate
Anzahl Personen mit jedem Resultat
Perzentil nach korrekt beantworteten Fragen
Ihre Resultats-Entwicklung
Sie haben dieses Quiz noch nicht gespielt